LIBRARY ONLINE CATALOGUE

Internet & World Wide Web : (Record no. 1364)

MARC details
000 -LEADER
fixed length control field 00711nam a22002292 4500
001 - CONTROL NUMBER
control field 0000024115
005 - DATE AND TIME OF LATEST TRANSACTION
control field 20151021151148.0
008 - FIXED-LENGTH DATA ELEMENTS--GENERAL INFORMATION
fixed length control field 130611s xx 000 0 eng d
020 ## - INTERNATIONAL STANDARD BOOK NUMBER
International Standard Book Number 8131725221 :
040 ## - CATALOGING SOURCE
Original cataloging agency KABU
Transcribing agency KABU
100 1# - MAIN ENTRY--PERSONAL NAME
Personal name Deitel, P. J.
-- 0000154450
245 10 - TITLE STATEMENT
Title Internet & World Wide Web :
Remainder of title how to program /
Statement of responsibility, etc. P. J. Deitel, H. M. Deitel.
250 ## - EDITION STATEMENT
Edition statement 4th ed.
260 ## - PUBLICATION, DISTRIBUTION, ETC. (IMPRINT)
Place of publication, distribution, etc. New Delhi :
Name of publisher, distributor, etc. Pearson,
Date of publication, distribution, etc. 2009.
300 ## - PHYSICAL DESCRIPTION
Extent xxxi, 1329 p.
650 #0 - SUBJECT ADDED ENTRY--TOPICAL TERM
Topical term or geographic name as entry element Internet programming.
-- 0000154340
650 #0 - SUBJECT ADDED ENTRY--TOPICAL TERM
Topical term or geographic name as entry element World Wide Web.
-- 0000154277
700 1# - ADDED ENTRY--PERSONAL NAME
Personal name Deitel, H. M.
-- 0000154449
852 1# - LOCATION
-- p3210 KES
908 ## - PUT COMMAND PARAMETER (RLIN)
Put command parameter 130611
950 ## - LOCAL HOLDINGS (RLIN)
-- 1
Holdings
Withdrawn status Lost status Source of classification or shelving scheme Not for loan Home library Current library Date acquired Total Checkouts Full call number Barcode Date last seen Price effective from Koha item type Damaged status Date last checked out
  Lost Library of Congress Classification   Kabarak, Main Campus Kabarak, Main Campus 17/12/2015 1 QA76.625 .D45 2009 c. 1 015352 25/01/2016 17/12/2015 General Collection   25/01/2016
    Library of Congress Classification   Kabarak, Nakuru City Campus Kabarak, Nakuru City Campus 21/10/2015   QA76.625 .D45 2009 c. 1 015575 21/10/2015 21/10/2015 General Collection